Missouri Major & Minor Teams - Statistics

General Stats
  • This quiz has been taken 21 times
    15 since last reset
  • The average score is 10 of 15
Answer Stats
NCAA % Correct
St. Louis Cardinals
100%
Kansas City Chiefs
93%
Kansas City Royals
93%
St. Louis Blues
93%
Missouri Tigers
86%
Springfield Cardinals
79%
Missouri State Bears
71%
St. Louis BattleHawks
64%
Kansas City Roos
57%
Saint Louis Billikens
57%
St. Louis City SC
57%
St. Louis City SC 2
57%
Southeast Missouri State Redhawks
50%
Kansas City Mavericks
36%
Lindenwood Lions
36%
No matching quizzes found
Score Distribution
Percent of People with Each Score
Percentile by Number Answered
Your Score History
You have not taken this quiz since the last reset